Stopping the rot (Record no. 112900)

MARC details
000 -LEADER
fixed length control field 01201cad a22002175a 4500
001 - CONTROL NUMBER
control field L154245
008 - FIXED-LENGTH DATA ELEMENTS--GENERAL INFORMATION
fixed length control field 111107s2011 xxk f 000 0 eng d
035 ## - SYSTEM CONTROL NUMBER
System control number (Sirsi) u154245
041 0# - LANGUAGE CODE
Language code of text/sound track or separate title eng
110 2# - MAIN ENTRY--CORPORATE NAME
Corporate name or jurisdiction name as entry element English Heritage
9 (RLIN) 2714
245 00 - TITLE STATEMENT
Title Stopping the rot
Remainder of title a guide to enforcement action to save historic buildings
Medium [electronic resource]
260 ## - PUBLICATION, DISTRIBUTION, ETC.
Place of publication, distribution, etc. [England]
Name of publisher, distributor, etc. English Heritage
Date of publication, distribution, etc. 2011
520 ## - SUMMARY, ETC.
Summary, etc. Guidance to help local authority officers navigate their way through the different statutory powers at their disposal and to learn how to apply them to best practical effect. As well as providing step-by-step advice on the use of each of the main powers, the guidance includes a series of case studies of their use in different situations.
590 ## - LOCAL NOTE (RLIN)
Local note KA NTK
651 #4 - SUBJECT ADDED ENTRY--GEOGRAPHIC NAME
Geographic name England
Chronological subdivision 886-
690 ## - LOCAL SUBJECT ADDED ENTRY--TOPICAL TERM (OCLC, RLIN)
Topical term or geographic name as entry element ENVIRONMENTAL AND LAND CONSULTANCY-PLANNING AND DEVELOPMENT
690 ## - LOCAL SUBJECT ADDED ENTRY--TOPICAL TERM (OCLC, RLIN)
Topical term or geographic name as entry element BUILT ENVIRONMENT-BUILDING TYPES-ANCIENT MONUMENTS AND HISTORIC BUILDINGS
710 1# - ADDED ENTRY--CORPORATE NAME
Corporate name or jurisdiction name as entry element Institute of Historic Building Conservation
9 (RLIN) 3725
856 40 - ELECTRONIC LOCATION AND ACCESS
Uniform Resource Identifier <a href="https://www.helm.org.uk/upload/pdf/acc-stopping-the-rot-guidance.pdf?1319185292">https://www.helm.org.uk/upload/pdf/acc-stopping-the-rot-guidance.pdf?1319185292</a>
Public note View the item free of charge at www.english-heritage.org.uk
942 ## - ADDED ENTRY ELEMENTS (KOHA)
Suppress in OPAC 0
Holdings
Withdrawn status Lost status Source of classification or shelving scheme Damaged status Not for loan Home library Current library Shelving location Date acquired Total Checkouts Full call number Barcode Date last seen Copy number Price effective from Koha item type
    Dewey Decimal Classification     Virtual Virtual Online 07/11/2011   ONLINE PUBLICATION 154245-2001 06/08/2019 1 06/08/2019 Book